00725nai a2200181Ia 4500003000900000008004100009022002300050040001600073245004400089260002600133310001200159362002700171521006900198856009000267942000700357999001700364952016200381IN-BaIIA211028c9999 xx s 000 0 eng d a0032-0633 (Online) cIIA Library 0aPlanetary and Space Scienceh[eJournal] aOxford, U.KbPergamon a15/year a43(1); 1995 - Present  bSubscribed through National Knowledge Resource Consortium (NKRC) uhttps://www.sciencedirect.com/science/journal/00320633yClick Here to Access eJournal cEJ c35556d35556 00104070aBANbBANd2009-01-01eNKRCh43(1); 1995 - Present l0pEJ1640r2021-11-05uhttps://www.sciencedirect.com/science/journal/00320633w2021-11-05yEJ